চার্লস ডারউইনের আত্মচরিত / (Record no. 31864)

MARC details
000 -LEADER
fixed length control field 00671nam a22001937a 4500
003 - CONTROL NUMBER IDENTIFIER
control field BDDh-ASL
005 - DATE AND TIME OF LATEST TRANSACTION
control field 20231016062621.0
008 - FIXED-LENGTH DATA ELEMENTS--GENERAL INFORMATION
fixed length control field 230410s1989 b ||||| |||| 00| 0 b d
040 ## - CATALOGING SOURCE
Original cataloging agency BDDh-ASL
Transcribing agency BDDh-ASL
041 ## - LANGUAGE CODE
Language code of text/sound track or separate title ben
082 ## - DEWEY DECIMAL CLASSIFICATION NUMBER
Classification number 921
Item number CHA
245 10 - TITLE STATEMENT
Title চার্লস ডারউইনের আত্মচরিত /
246 ## - VARYING FORM OF TITLE
Title proper/short title Charles Darwiner Atmocharito
260 ## - PUBLICATION, DISTRIBUTION, ETC.
Place of publication, distribution, etc. ঢাকা :
Name of publisher, distributor, etc. নওরোজ কিতাবিস্তান,
Date of publication, distribution, etc. 1989.
300 ## - PHYSICAL DESCRIPTION
Extent 108 p. :
Dimensions 22 cm.
650 #0 - SUBJECT ADDED ENTRY--TOPICAL TERM
Topical term or geographic name entry element biographical dictionary - চরিতাভিধান
9 (RLIN) 4665
700 1# - ADDED ENTRY--PERSONAL NAME
Personal name খান, আনোয়ারুল হক
9 (RLIN) 1855
942 ## - ADDED ENTRY ELEMENTS (KOHA)
Source of classification or shelving scheme Dewey Decimal Classification
Koha item type Books
Holdings
Withdrawn status Lost status Source of classification or shelving scheme Damaged status Not for loan Collection code Home library Current library Shelving location Date acquired Source of acquisition Total Checkouts Full call number Barcode Date last seen Copy number Price effective from Koha item type Public note
    Dewey Decimal Classification     Non-fiction Asiatic Society Library Asiatic Society Library General Stacks 04/10/2023 A Donation From Mahbub Alam   921 CHA 120618 04/10/2023 C-1 04/10/2023 Books Y-1989

Powered by Koha